Little Miss Sunshine /

Đã lưu trong:
Chi tiết về thư mục
Tác giả chính: Danna, Mychael (Nhà soạn nhạc)
Tác giả khác: Breslin, Abigail (Diễn viên), Arkin, Alan, (1934-2023) (Diễn viên), Suhrstedt, Timothy (Nhiếp ảnh gia), Carell, Steve (Diễn viên), Dayton, Jonathan (Giám đốc), Faris, Valerie (Giám đốc), Arndt, Michael (Người viết kịch bản), Kinnear, Greg (Diễn viên), Collette, Toni (Diễn viên)
Định dạng: Slide
Ngôn ngữ:Tiếng Italy
Tiếng Anh
Được phát hành: Milano : Twentieth century Fox home entertainment [distributore], ©2007
Các nhãn: Thêm thẻ
Không có thẻ, Là người đầu tiên thẻ bản ghi này!

MARC

LEADER 00000ngm a22000007i 4500
001 IT\ICCU\LO1\1116622
003 ItRI
005 20260124182900.0
008 070328s2007 it |||||||||||||||k|||||c
024 3 1 |a 8010312068096 
024 3 1 |a 8010312068102  |b noleggio 
028 4 2 |a 33414DR 
028 4 2 |a 33414DS 
040 |b ita 
041 7 |a ita  |a eng  |2 ISO-639-2 
082 |a 791.43  |9 CINEMA  |2 19 
130 0 |a Little Miss Sunshine <film ; 2006>  |3 IT\ICCU\RAV\1530492 
245 0 0 |a Little Miss Sunshine /  |c directed by Jonathan Dayton and Valerie Faris ; music by Mychael Danna ; director of photography Tim Suhrstedt ; written by Michael Arndt. 
260 |a Milano :  |b Twentieth century Fox home entertainment [distributore],  |c ©2007 
300 |a 1 DVD-Video (ca. 98 min.) color., sonoro ;  |c in contenitore, 19x14x2 cm 
500 |a Caratteristiche tecniche: area 2; PAL; 2.40:1 letterbox 16:9; Dolby digital 5.1 
500 |a Lingue e sottotitoli: italiano, inglese 
500 |a Titolo del contenitore 
500 |a Interpreti: Greg Kinnear, Steve Carell, Toni Collette, Alan Arkin, Abigail Breslin 
500 |a Produzione cinematografica: USA, 2006 
500 |a DVD 9 
500 |a Contenuti speciali: commento audio di Jonathan Dayton, Valerie Faris e dello sceneggiatore Michael Arndt, finali alternativi con il commento opzionale dei registi 
700 1 |a Breslin, Abigail  |0 IT\ICCU\MODV\268621  |4 act 
700 1 |a Arkin, Alan,  |d  (1934-2023)  |0 IT\ICCU\RAVV\088454  |4 act 
700 1 |a Suhrstedt, Timothy  |0 IT\ICCU\RAVV\469424  |4 pht 
700 1 |a Carell, Steve  |0 IT\ICCU\RAVV\485002  |4 act 
700 1 |a Dayton, Jonathan  |0 IT\ICCU\RAVV\505882  |4 drt 
700 1 |a Faris, Valerie  |0 IT\ICCU\RAVV\505883  |4 drt 
700 1 |a Arndt, Michael  |0 IT\ICCU\RAVV\505889  |4 sce 
700 1 |a Kinnear, Greg  |0 IT\ICCU\TO0V\343002  |4 act 
700 1 |a Danna, Mychael  |0 IT\ICCU\UBOV\486861  |4 cmp 
700 1 |a Collette, Toni  |0 IT\ICCU\UBOV\493451  |4 act 
790 1 |a Suhrstedt, Tim  |3 IT\ICCU\RAVV\677766  |z Suhrstedt, Timothy 
790 1 |a Kerb, Rick  |3 IT\ICCU\MODV\661100  |z Arndt, Michael 
790 1 |a Collette, Tony  |3 IT\ICCU\UBOV\033694  |z Collette, Toni 
942 |2 ddc  |c VM  |n 0 
952 |0 0  |1 0  |4 0  |6 VO_1455_000000000000000  |7 0  |9 27492  |a BO  |b BO  |d 2026-01-24  |i 11300  |l 0  |o VO 1455  |p BO11300  |r 2026-01-24 18:29:00  |w 2026-01-24  |x [Sebina 5] [1 dvd]  |y VM  |z 1 dvd 
999 |c 23287  |d 23287